| 000 | 01503nam a2200277 4500 | ||
|---|---|---|---|
| 001 | 6120 | ||
| 010 | _a9789892346748 | ||
| 021 | _b458984/19 | ||
| 090 | _a6120 | ||
| 100 | _a20260122e20192019c||y0pory50030103ba | ||
| 200 | 1 |
_aA História da Pequena Estrela _fRosário Alçada Araújo _gil. Catarina França |
|
| 205 | _a1º ed | ||
| 210 | 9 |
_aAlfragide _cASA _d2019 |
|
| 215 |
_a39, [6] p. _cil. _d24 cm |
||
| 225 | 2 | _aVira a página | |
| 330 | _aEsta maravilhosa aventura começa quando a Pequena Estrela toma coragem e rodopia até chegar à Terra. No Lugar dos Grandes Corações, conhece a Árvore da Sabedoria, que lhe ensina coisas preciosas e lhe dá a conhecer mundos que nunca sonhou existirem. As visitas à Comunidade do Fundo do Lago e à Ilha Escondida revelam-se experiências inesquecíveis, que mudarão para sempre o seu coração. O leitor acompanhará esta história com o mesmo entusiasmo e a mesma curiosidade que a Pequena Estrela vai sentindo ao ver a sua atrevida viagem transformar-se numa aventura fascinante, que lhe trará ensinamentos para toda a vida. | ||
| 606 |
_914 _aLiteratura infantil |
||
| 606 |
_915 _aLiteratura Portuguesa |
||
| 675 |
_a82-93 _vBN _zpor |
||
| 675 |
_a821.134.3 _vBN _zpor |
||
| 700 |
_aAraújo _bRosário Alçada _f1973- _9164 |
||
| 702 |
_aFrança _bCatarina _f1973- _9165 |
||
| 801 | 0 |
_aPT _bBMVN _gRPC |
|
| 830 |
_cAna Caetano _d22/01/2026 |
||
| 856 | 4 | 1 | _uhttp://rnod.bnportugal.gov.pt/ImagesBN/winlibimg.aspx?skey=&doc=2039308&img=135161&save=true |
| 990 | _cLIVROS | ||